01127nac a22002531u 4500010001600000020003600016082001800052090001500070100003400085245012100119260003400240300003400274440003200308500004000340504005100380650001600431700002700447856009600474856008800570856007400658942002000732999001500752952010600767 a 97028054 a047158505X (cloth : alk. paper)00a616.075bR178 c3993d3993 a20080729 00aCommercial biosensors :bapplications to clinical, bioprocess, and environmental samples /cedited by Graham Ramsay. aNew York :bWiley,1998c1998. axvi, 304 p. :bill. ;c24 cm. 0aChemical analysis ;vv. 148 a"A Wiley-Interscience publication." aIncludes bibliographical references and index. 0aBiosensors.1 aRamsay, Graham,d1954-423Contributor biographical informationuhttp://www.loc.gov/catdir/bios/wiley041/97028054.html423Publisher descriptionuhttp://www.loc.gov/catdir/description/wiley032/97028054.html423Table of Contentsuhttp://www.loc.gov/catdir/toc/onix02/97028054.html cBBk616.075R178 c3993d3993 00104070aMAINbMAINc1STd2014-08-07ePurchasel0o616.075 COMp000005051r2025-07-15 00:00:00yBB